Govt. of
Madhya Pradesh

ट्रिकी मैथेमेटिक्‍स चेप्‍टरवाईस (Record no. 63089)

MARC details
000 -LEADER
fixed length control field 00353nam a22001097a 4500
082 ## - DEWEY DECIMAL CLASSIFICATION NUMBER
Classification number 510
100 ## - MAIN ENTRY--AUTHOR NAME
Personal name Guider
245 ## - TITLE STATEMENT
Title ट्रिकी मैथेमेटिक्‍स चेप्‍टरवाईस
260 ## - PUBLICATION, DISTRIBUTION, ETC. (IMPRINT)
Place of publication नई दिल्‍ली
Name of publisher Guider Competitive Group
Year of publication 2020
650 ## - SUBJECT ADDED ENTRY--TOPICAL TERM
Topical Term मैथ्‍स
942 ## - ADDED ENTRY ELEMENTS (KOHA)
Koha item type Hindi Books

No items available.